Geography Quiz

Random Geography or City Quiz

'F' cities by US states Quiz Stats

 Plays Quiz not verified by Sporcle

Score 0/203 Timer 20:00
0 Plays Today
State City % Correct
CAFresno
98%
INFort Wayne
95%
TXFort Worth
95%
ARFayetteville
93.9%
GAFayetteville
93.9%
NCFayetteville
93.9%
TNFayetteville
93.9%
FLFort Lauderdale
93.2%
CAFremont
92.8%
NEFremont
92.8%
OHFremont
92.8%
COFort Collins
92.7%
NDFargo
91.6%
ALFairfield
91.1%
CAFairfield
91.1%
CTFairfield (town)
91.1%
ILFairfield
91.1%
INFranklin
91.1%
IAFairfield
91.1%
KYFranklin
91.1%
LAFranklin
91.1%
MEFairfield (town)
91.1%
MAFranklin
91.1%
NHFranklin
91.1%
NJFranklin (township, Gloucester county)
91.1%
NJFranklin (township, Somerset county)
91.1%
OHFairfield
91.1%
OHFranklin
91.1%
PAFranklin
91.1%
TNFranklin
91.1%
VAFranklin
91.1%
WIFranklin
91.1%
AKFairbanks
90.7%
AZFlagstaff
90.7%
ARFort Smith
90.5%
ARFarmington
88.4%
CTFarmington (town)
88.4%
MEFarmington (town)
88.4%
MIFarmington
88.4%
MNFarmington
88.4%
MOFarmington
88.4%
NHFarmington (town)
88.4%
NMFarmington
88.4%
UTFarmington
88.4%
CAFontana
88%
MIFlint
87.7%
MIFlint (charter township)
87.7%
COFrederick (town)
86.9%
MDFrederick
86.9%
TXFrisco
86.4%
CAFullerton
85.9%
FLFort Myers
82.5%
MAFall River
82.3%
ALFlorence
82.1%
AZFlorence (town)
82.1%
KYFlorence
82.1%
NJFlorence (township)
82.1%
ORFlorence
82.1%
SCFlorence
82.1%
ILFreeport
78.9%
MEFreeport (town)
78.9%
NYFreeport (village)
78.9%
TXFreeport
78.9%
INFishers
77.1%
WAFederal Way
75.5%
WIFond du Lac
75%
MSForest
74.4%
MIFarmington Hills
73.9%
State City % Correct
TXFredericksburg
70.7%
VAFredericksburg
70.7%
FLFort Pierce
67.6%
ILFrankfort (village)
67.1%
INFrankfort
67.1%
KYFrankfort
67.1%
VTFairfax (town)
66.9%
VAFairfax
66.9%
MNFairmont
65.8%
WVFairmont
65.8%
MEFalmouth (town)
64.4%
MAFalmouth (town)
64.4%
IAFort Dodge
64.2%
MIFenton
64.2%
MIFenton (charter township)
64.2%
MAFramingham (town)
63.3%
NVFernley
62.6%
COFountain
61.9%
MOFulton
61.9%
NYFulton
61.9%
MOFerguson
61%
CAFolsom
60.5%
ILFranklin Park (village)
60.5%
PAFranklin Park (borough)
60.5%
TXFlower Mound (town)
60.5%
ALFoley
59.7%
MIFerndale
59.7%
WAFerndale
59.7%
NJFairview (borough)
59%
ORFairview
59%
TNFairview
59%
ALFairhope
58.1%
GAForest Park
54.4%
ILForest Park (village)
54.4%
OHForest Park
54.4%
FLFlorida City
53.7%
TXFarmers Branch
53.3%
FLFort Walton Beach
53%
MAFitchburg
52.8%
WIFitchburg
52.8%
OHFindlay
51.7%
ARForrest City
50.8%
NJFort Lee (borough)
50.6%
NCForest City (town)
49.6%
MOFlorissant
47.8%
RIFoster (town)
47.4%
KYFort Thomas
46.9%
NJFair Lawn (borough)
46%
OHFairlawn
46%
VAFalls Church
45.8%
OHFairborn
45.4%
NYFredonia (village)
45.1%
ALFort Payne
44.9%
VAFarmville (town)
44.7%
COFruita
44.5%
MIFraser
43.8%
TXFriendswood
43.6%
MAFreetown (town)
42.8%
CAFillmore
41%
NVFallon
41%
ORForest Grove
40.8%
IAFort Madison
40.6%
NYFairport (village)
40.4%
MAFoxborough (town)
40.3%
COFort Morgan
39.9%
TXForest Hill
39.4%
DEFelton (town)
37%
CAFountain Valley
36.5%
State City % Correct
MOFestus
36.3%
IDFruitland
36%
MDFruitland
36%
COFederal Heights
35.8%
NJFreehold (borough)
34.9%
NJFreehold (township)
34.9%
PAForest Hills (borough)
34.5%
GAFairburn
34.3%
MNFaribault
34.2%
FLFort Myers Beach (town)
33.6%
FLFernandina Beach
33.5%
GAFort Oglethorpe
33.3%
NCFuquya-Varina (town)
33.3%
MNForest Lake
33.1%
CAFoster City
32.9%
MAFairhaven (town)
32.6%
MNFergus Falls
32.4%
MTForsyth
32.4%
MNFridley
32%
WYFort Laramie (town)
32%
AZFountain Hills (town)
31.7%
WIFort Atkinson
31.7%
CAFortuna
31.5%
COFirestone (town)
30.8%
SCFort Mill (town)
30.6%
TNFarragut (town)
30.6%
MDFrostburg
30.4%
OHFostoria
29.7%
VAFront Royal (town)
29.7%
KSFort Scott
29.2%
NCFletcher (town)
29.2%
SCForest Acres
29.2%
WAFife
29.2%
KYFort Mitchell
29%
NYFarmingdale (village)
28.3%
GAFitzgerald
28.1%
FLFort Meade
26.8%
SCFountain Inn
26.7%
NJFlorham Park (borough)
26.3%
NYFloral Park (village)
26.3%
ALFultondale
26.1%
GAFlowery Branch
26.1%
ILFairview Heights
26.1%
OHFairview Park
26.1%
KYFort Wright
25%
NJFranklin Lakes (borough)
24.9%
MSFlowood
24.2%
COFort Lupton
24%
TXForney
24%
ILFox Lake (village)
23.4%
FLFellsmere
23.3%
HIFern Acres (CDP)
23.1%
TXFate
23.1%
KYFlatwoods
22.9%
UTFruit Heights
22.9%
GAFort Valley
22.7%
MIFruitport (charter township)
22.5%
MNFalcon Heights
22.2%
SDFlandreau
22.2%
FLFruitland Park
22%
WAFircrest
21.8%
UTFarr West
21.6%
WIFox Point (village)
21.6%
OKFort Gibson
21.5%
ILFlossmoor (village)
21.3%
PAFolcroft (borough)
21.3%
MIFlushing (charter township)
20.4%

You're not logged in!

Compare scores with friends on all Sporcle quizzes.
OR
Log In

Sporcle TV

Today on Sporcle TV


Watch our educational content, quiz creation guides, and fun videos on Sporcle TV.

Show Comments

Extras

Top Quizzes Today


Score Distribution

Your Account Isn't Verified!

In order to create a playlist on Sporcle, you need to verify the email address you used during registration. Go to your Sporcle Settings to finish the process.

Report this User

Report this user for behavior that violates our Community Guidelines.

Details: